000 01716nam a22004337a 4500
001 401
003 FISKH
005 20250326101526.0
008 230407b cb ||||| |||| 00| 0 eng d
020 _a9780008124441
040 _aDLC
_beng
_cDLC
_erda
_dDLC
_dFISKH
042 _apcc
_alcac
050 0 0 _aPZ7.D3388
_bDat 2015
082 0 0 _a813.6
_223
100 1 _aDaywalt, Drew,
_eauthor.
245 1 4 _aThe day the crayons came home /
_cDrew Daywalt, Oliver Jeffers.
264 1 _aLondon :
_bHarperCollins.
_c2015
300 _a24 leaves of plates :
_bcolor illustrations ;
_c26 cm.
336 _atext
_2rdacontent
336 _astill image
_2rdacontent
337 _aunmediated
_2rdamedia
338 _avolume
_2rdacarrier
500 _a"Contains special glow in the dark drawing."
500 _aCompanion book to: The day the crayons quit.
505 _aK
520 _aOne day, Duncan is happily coloring with his crayons when a stack of postcards arrives in the mail from his former crayons, each of which has run away or been left behind, and all of which want to come home.
521 8 _a550
_bLexile AD
521 8 _aK
_bRaz-Plus
650 1 _aCrayons
_vFiction.
650 1 _aPostcards
_vFiction.
650 1 _aColor
_vFiction.
650 7 _aJUVENILE FICTION / Humorous Stories.
_2bisacsh
650 7 _aJUVENILE FICTION / Concepts / Colors.
_2bisacsh
650 7 _aJUVENILE FICTION / General.
_2bisacsh
700 1 _aJeffers, Oliver,
_eillustrator.
906 _a7
_bcbc
_corignew
_d1
_eecip
_f20
_gy-gencatlg
942 _2ddc
_cBK
_n0
999 _c401
_d401